Statistics for Most Populous Modern-Day Countries in 1 AD

Click here to take the quiz!

General Stats

  • This quiz has been taken 24,139 times
  • The average score is 15 of 20

Answer Stats

PopulationCountry% Correct
55 mChina
99%
36 mIndia
96%
7 mItaly
95%
4 mFrance
93%
4 mEgypt
91%
4 mGermany
91%
3 mSpain
90%
3 mJapan
89%
8 mTurkey
87%
4 mIran
86%
2 mGreece
84%
2 mPakistan
77%
2 mMexico
69%
2 mIndonesia
67%
2 mSyria
60%
2 mAlgeria
59%
2 mBangladesh
57%
2 mAfghanistan
50%
2 mNigeria
47%
2 mSudan
47%

Score Distribution

Percentile by Number Answered

Percent of People with Each Score

Your Score History

You have not taken this quiz